Normal view
MARC view
- رودني، وانتر، ترجمة القصير، احمد
Entry Personal Name
001 - CONTROL NUMBER
- control field: 35457
003 - CONTROL NUMBER IDENTIFIER
- control field: JO-AjAnu
005 - DATE AND TIME OF LATEST TRANSACTION
- control field: 20230606075929.0
008 - FIXED-LENGTH DATA ELEMENTS
- fixed length control field: 230606|| aca||aabn | a|a d
040 ## - CATALOGING SOURCE
- Original cataloging agency: JO-AjAnu
- Transcribing agency: JO-AjAnu
100 ## - HEADING--PERSONAL NAME
- Personal name: رودني، وانتر، ترجمة القصير، احمد
670 ## - SOURCE DATA FOUND
- Source citation: Work cat.: (JO-AjAnu)18210: رودني، وانتر، ترجمة القصير، احمد, author, تاريخ الاستعمار الاوروبي: القارة الافريقية